000
00305nam a2200133Ia 4500
008
100328s9999 xx 000 0 und d
082
_b
34649
100
_a
Koontz Dean R.
245
_a
The Vision
260
_b
The Poperback Division
630
_a
The Vision
730
_a
The Vision
942
_c
BOOK
999
_c
524763
_d
524760